French Literature Quiz Stats

 Plays Quiz Updated Jan 10, 2012

Score 0/26 Timer 08:00
0 Plays Today
Work Author % Correct
CandideVoltaire
78.5%
The Hunchback of Notre DameVictor Hugo
78.2%
The Three MusketeersAlexandre Dumas
76.2%
20,000 Leagues Under the SeaJules Verne
73.9%
The Stranger (L’Étranger)Albert Camus
71.2%
Madame BovaryGustave Flaubert
62.8%
The MisanthropeMolière
58.3%
In Search of Lost Time (À la recherche du temps perduMarcel Proust
49.1%
The Age of ReasonJean Paul Sartre
48.1%
Le Petit PrinceAntoine de Saint-Exupéry
45.9%
The Second SexSimone de Beauvoir
43%
Les fleurs du mal Charles Baudelaire
42.2%
The Human ComedyHonoré de Balzac
40.2%
Work Author % Correct
PhèdreJean Racine
33.6%
The Life of Gargantua and of PantagruelFrançois Rabelais
32.5%
Julie, or the New HeloiseJean-Jacques Rousseau
31.7%
Les Rougon-MacquartÉmile Zola
31.6%
The Charterhouse of ParmaStendhal
26.6%
Cyrano de BergeracEdmond Rostand
21.4%
A Season in HellArthur Rimbaud
21.2%
AlcoolsGuillaume Apollinaire
14.7%
Les Enfants TerriblesJean Cocteau
13.1%
ConsueloGeorge Sand
12.3%
The BalconyJean Genet
11.6%
L'après-midi d'un fauneStéphane Mallarmé
9.4%
The Interrogation (Le Procès-Verbal)J. M. G. Le Clézio
6.8%

You're not logged in!

Compare scores with friends on all Sporcle quizzes.
OR
Log In

Sporcle TV

Today on Sporcle TV


Watch our educational content, quiz creation guides, and fun videos on Sporcle TV.

Show Comments

Extras

Top Quizzes Today


Score Distribution

Your Account Isn't Verified!

In order to create a playlist on Sporcle, you need to verify the email address you used during registration. Go to your Sporcle Settings to finish the process.

Report this User

Report this user for behavior that violates our Community Guidelines.

Details: